000 00654nam a22002291c 4500
001 a987677908
008 161109s2015 gw |||| 000u rus d
020 _a9785235038349
_9978-5-235-03834-9
041 _arus
100 1 _aMostinskaja, Alla Ju.
245 0 0 _aSergej Kapica: čelovek, kotoryj otvečal na ljuboj vopros
264 _aMoskva :
_bMolodaja gvardija,
_c2015
300 _a350 Seiten
600 0 _aKapica, Sergej P.
651 0 _aSowjetunion
655 0 _aBiographie
700 1 _aBodrichin, Nikolaj G.
_eVerfasserIn
942 _cMG
040 _cRU-10907106
003 RU-10907106
999 _c39836
_d39836
490 0 _aŽizn' zamečatel'nych ljudej
_v1737